000 00871 a2200193 4500
003 NUST
005 20251125134002.0
040 _cNust
082 _a621.382,ZAF
100 _aZafar, Rizawan (TCC-20)
_9132071
245 _aConcealed Weapon Detection /
_cNC Rizawan Zafar, NC Ramzan Ali & NC Sarmad Ghafoor and NC Hammad Sadiq TCC-20
260 _aRawalpindi
_bMCS (NUST)
_c2012
300 _axii, 58 p.;
505 _aIntroduction (Page-1), Techniques used for Metal Detection (Page-4), Principles of Magnetic Induction (Page-10), Radio Frequency (Page-16), NOISE Gates and Filters (Page-20), Power Supply (Page-24), Coil Design (Page-29), Hardware Design of Our Project (Page-33),Conclusion (Page-55), Bibliography (Page-57).
650 _aUG Projects
_998716
651 _aTCC-20
_9131219
700 _aSupervised by Dr. Abdul Ghafoor
_9132072
942 _2ddc
_cPR
999 _c190651
_d190651